[Event "December Blitz"]
[Site "SchemingMind.com"]
[Date "2014.12.16"]
[Round "-"]
[White "BigDoggProblem"]
[Black "Ramesh Panwar"]
[Result "0-1"]
[WhiteCountry "USA"]
[BlackCountry "IND"]
[WhiteElo "1824"]
[WhiteRD "62"]
[BlackElo "2279"]
[BlackRD "51"]
[GameID "371497"]

1. e4 c5 2. Nf3 Nc6 3. d4 cxd4 4. Nxd4 Nf6 5. Nc3 d6 6. Bc4 e5 7. Nde2 Be7 8. Bg5 O-O 9. Bxf6 Bxf6 10. Nd5 Be6
11. O-O Bg5 12. a3 Rc8 13. Bb3 Na5 14. Ba2 Nc4 15. Bxc4 Rxc4 16. Nec3 Rd4 17. Qe1 f5 18. f3 fxe4 19. fxe4 Rxf1+ 20. Kxf1 Rd2
21. Rc1 Qd7 22. Kg1 Bxd5 23. Nxd5 Qg4 24. Qg3 Qxg3 25. hxg3 Rxd5
0-1

[Event "December Blitz"]
[Site "SchemingMind.com"]
[Date "2014.12.16"]
[Round "-"]
[White "Ramesh Panwar"]
[Black "BigDoggProblem"]
[Result "1-0"]
[WhiteCountry "IND"]
[BlackCountry "USA"]
[WhiteElo "2279"]
[WhiteRD "51"]
[BlackElo "1824"]
[BlackRD "62"]
[GameID "371498"]

1. d4 Nf6 2. c4 g6 3. Nc3 d5 4. cxd5 Nxd5 5. e4 Nxc3 6. bxc3 Bg7 7. Nf3 b6 8. Bc4 Qd7 9. O-O Bb7 10. Bf4 Bxe4
11. Bxf7+ Kxf7 12. Ng5+ Ke8 13. Nxe4 Rf8 14. Bd2 Nc6 15. Re1 Kd8 16. Ng5 Kc8 17. Ne6 Rf7 18. Qb3 Na5 19. Qb4 Kb7 20. Nc5+
1-0

[Event "December Blitz"]
[Site "SchemingMind.com"]
[Date "2014.12.16"]
[Round "-"]
[White "BigDoggProblem"]
[Black "Robert Bruce"]
[Result "0-1"]
[WhiteCountry "USA"]
[BlackCountry "SCO"]
[WhiteElo "1834"]
[WhiteRD "62"]
[BlackElo "2142"]
[BlackRD "66"]
[GameID "371500"]

1. e4 Nf6 2. e5 Nd5 3. c4 Nb6 4. d4 d6 5. f4 g6 6. Nf3 Bg7 7. Be2 O-O 8. O-O Be6 9. d5 Bg4 10. Re1 dxe5
11. fxe5 Bxf3 12. Bxf3 Nxc4 13. d6 Nc6 14. Bxc6 bxc6 15. dxe7 Qxe7 16. Qe2 Bxe5 17. Qxc4 Bd4+ 18. Kf1 Qf6+ 19. Ke2 Rae8+ 20. Kd1 Rxe1+
21. Kxe1 Qf2+ 22. Kd1 Bxb2 23. Bxb2 Qxb2 24. Qc3 Rd8+ 25. Ke1 Qxg2 26. Nd2 Qxh2 27. Rc1 Qg1+ 28. Nf1 Re8+ 29. Kd2 Qg2+
0-1

[Event "December Blitz"]
[Site "SchemingMind.com"]
[Date "2014.12.16"]
[Round "-"]
[White "Robert Bruce"]
[Black "BigDoggProblem"]
[Result "1-0"]
[WhiteCountry "SCO"]
[BlackCountry "USA"]
[WhiteElo "2149"]
[WhiteRD "67"]
[BlackElo "1824"]
[BlackRD "62"]
[GameID "371501"]

1. f4 d5 2. Nf3 c5 3. e3 Nf6 4. Be2 g6 5. O-O Bg7 6. Ne5 O-O 7. d3 Nc6 8. c4 e6 9. Nc3 d4 10. Nxc6 bxc6
11. exd4 cxd4 12. Ne4 Rb8 13. Nxf6+ Bxf6 14. Qa4 Qc7 15. Rb1 c5 16. Bd2 Bd7 17. Qa5 Rb6 18. b4 Be7 19. bxc5 Bxc5 20. Bb4 Bxb4
21. Rxb4 Rfb8 22. c5
1-0

[Event "December Blitz"]
[Site "SchemingMind.com"]
[Date "2014.12.16"]
[Round "-"]
[White "David Carter"]
[Black "Robert Bruce"]
[Result "1-0"]
[WhiteCountry "USA"]
[BlackCountry "SCO"]
[WhiteElo "2060"]
[WhiteRD "62"]
[BlackElo "2142"]
[BlackRD "66"]
[GameID "371502"]

1. d4 f5 2. c4 Nf6 3. g3 g6 4. Bg2 Bg7 5. Nc3 O-O 6. Nf3 c6 7. O-O d6 8. d5 Bd7 9. Rb1 Na6 10. b4 Qe8
11. dxc6 bxc6 12. b5 cxb5 13. cxb5 Nc5 14. Nd4 Nfe4 15. Nxe4= Nxe4 16. Qb3+ Qf7 17. Nc6 Bxc6 18. bxc6 Qxb3 19. Rxb3 Rac8 20. Rb7 Rxc6
21. Rxe7 Rc2 22. Rxa7 Bd4 23. Bxe4 fxe4 24. Ra4 Bxf2+ 25. Rxf2 Rxc1+ 26. Kg2 d5 27. Rd4 Rd8 28. Rf4 Rc2 29. Rfxe4 Rxa2 30. Re5 Rd7
31. Kf3 Ra5 32. Kf4 Kf8 33. h4 Rf7+ 34. Kg4 Re7 35. Rf4+ Ke8 36. Rfe4 Ra7 37. Rxe7+ Rxe7 38. Rxe7+ Kxe7 39. Kg5 Kf7 40. Kh6 Kg8=
41. e3 Kh8 42. h5 gxh5 43. Kxh5 Kg7 44. Kg5 h6+ 45. Kf5 h5 46. Kg5 Kh8 47. Kxh5 Kg7 48. Kg5 Kf7 49. Kf5 Ke7 50. Ke5
1-0

[Event "December Blitz"]
[Site "SchemingMind.com"]
[Date "2014.12.16"]
[Round "-"]
[White "Robert Bruce"]
[Black "David Carter"]
[Result "1-0"]
[WhiteCountry "SCO"]
[BlackCountry "USA"]
[WhiteElo "2149"]
[WhiteRD "67"]
[BlackElo "2040"]
[BlackRD "66"]
[GameID "371503"]

1. c4 e6 2. g3 d5 3. Bg2 c6 4. Nf3 dxc4 5. Na3 b5 6. Nxb5 Ba6 7. Na3 Nd7 8. Qa4 Qb6 9. Nxc4 Qb5 10. Qxb5 cxb5
11. Nce5 Ngf6 12. Ng5 Rb8 13. Ngxf7 Nxe5 14. Nxh8 Bc5 15. d3 Bb4+ 16. Bd2 Bxd2+ 17. Kxd2 Ke7 18. Rhc1
1-0

[Event "December Blitz"]
[Site "SchemingMind.com"]
[Date "2014.12.16"]
[Round "-"]
[White "Stephen Woodhouse"]
[Black "Robert Bruce"]
[Result "1/2-1/2"]
[WhiteCountry "ENG"]
[BlackCountry "SCO"]
[WhiteElo "1891"]
[WhiteRD "50"]
[BlackElo "2142"]
[BlackRD "66"]
[GameID "371504"]

1. e4 c6 2. d4 d5 3. exd5 cxd5 4. c4 Nf6 5. Nc3 Nc6 6. Nf3 Bg4 7. cxd5 Nxd5 8. Qb3 Bxf3 9. gxf3 e6 10. Qxb7 Nxd4
11. Bb5+ Nxb5 12. Qc6+ Ke7 13. Qxb5 Qd7 14. Nxd5+ Qxd5 15. Bg5+ f6 16. Qxd5 exd5 17. Be3 Ke6 18. O-O-O Bb4 19. a3 Rhc8+ 20. Kb1 Bc5
21. Rhe1 Bxe3 22. fxe3 Rc4 23. Rd4 Rxd4 24. exd4+ Kf5 25. Re7 g5 26. Rxh7 Kf4 27. Rd7 f5 28. Rxd5 Rh8 29. b4 Rxh2 30. b5 g4
31. fxg4 fxg4 32. Rd7 Rh1+ 33. Kb2 Rh5 34. Rxa7 Rxb5+ 35. Kc3 g3 36. Rf7+ Rf5 37. Rg7 Rg5 38. Rf7+ Ke3 39. Rf1 g2 40. Rg1 Kf2
41. Rxg2+ Rxg2 42. d5 Ke3 43. Kc4 Ke4=
1/2-1/2

[Event "December Blitz"]
[Site "SchemingMind.com"]
[Date "2014.12.16"]
[Round "-"]
[White "Robert Bruce"]
[Black "Stephen Woodhouse"]
[Result "1-0"]
[WhiteCountry "SCO"]
[BlackCountry "ENG"]
[WhiteElo "2149"]
[WhiteRD "67"]
[BlackElo "1856"]
[BlackRD "50"]
[GameID "371505"]

1. d4 e6 2. c4 f5 3. Nc3 Nf6 4. f3 Bb4 5. Bd2 O-O 6. a3 Be7 7. e3 b6 8. Bd3 Bb7 9. Nge2 d6 10. Nf4 Qd7
11. d5 exd5 12. cxd5 c6 13. dxc6 Nxc6 14. Qc2 g6 15. Bc4+ Kh8 16. Be6 Qe8 17. O-O Nd8 18. Bb3 Rc8 19. Qd3 Qd7 20. Rad1 Nf7
21. Qe2 d5 22. Ncxd5 Nxd5 23. Bxd5 Bxd5 24. Nxd5 Kg8 25. Bb4
1-0

[Event "December Blitz"]
[Site "SchemingMind.com"]
[Date "2014.12.16"]
[Round "-"]
[White "gabeeg"]
[Black "Robert Bruce"]
[Result "0-1"]
[WhiteCountry "USA"]
[BlackCountry "SCO"]
[WhiteElo "2111"]
[WhiteRD "82"]
[BlackElo "2142"]
[BlackRD "66"]
[GameID "371506"]

1. Nf3 d5 2. c4 d4 3. a3 g6 4. e3 Nc6 5. b4 Bg7 6. Bb2 e5 7. b5 Nce7 8. exd4 e4 9. Ng5 Bxd4 10. Nc3 Nf6
11. d3 e3 12. fxe3 Bxe3 13. Nce4 Nxe4 14. dxe4 Qxd1+ 15. Rxd1 O-O 16. h4 f6 17. c5 Kg7 18. Bc4 h6 19. Ne6+ Bxe6 20. Bxe6 Rad8
21. Ke2 Bxc5 22. g4 g5 23. e5 Rxd1 24. Kxd1 Rd8+ 25. Kc2 Bd4 26. exf6+ Kxf6 27. Bc4 Bxb2 28. Kxb2 Rd4 29. hxg5+ hxg5 30. Kc3 Rxg4
31. Rh8 c6 32. Rf8+ Ke5 33. Rf7 Kd6 34. a4 Rg3+ 35. Bd3 cxb5 36. axb5 a6 37. bxa6 bxa6 38. Rf8 Nc6 39. Rf6+ Kc5 40. Rf5+ Kb6
41. Kc4 Rg4+ 42. Kc3 a5 43. Rb5+ Kc7 44. Bf5 Rg3+ 45. Kc4 Re3 46. Bc2 Re2 47. Bd1 Re4+ 48. Kc3 Re5 49. Kc4 g4 50. Rb3 Re1
0-1

[Event "December Blitz"]
[Site "SchemingMind.com"]
[Date "2014.12.16"]
[Round "-"]
[White "Robert Bruce"]
[Black "gabeeg"]
[Result "0-1"]
[WhiteCountry "SCO"]
[BlackCountry "USA"]
[WhiteElo "2142"]
[WhiteRD "66"]
[BlackElo "2111"]
[BlackRD "82"]
[GameID "371507"]

1. f4 e5 2. fxe5 Nc6 3. Nc3 d6 4. exd6 Bxd6 5. Nf3 Nf6 6. d4 Ng4 7. e4 Nxh2 8. Bb5 Bg3+ 9. Ke2 Bg4 10. Qg1 Qd6
11. d5 a6 12. Ba4 b5 13. Nxb5 axb5 14. Bxb5 O-O 15. Bxc6 Ra6 16. Qe3 f5 17. e5 Bxe5 18. Qd3 Rb6 19. Kf2 Bg3+ 20. Kg1 Bxf3
21. gxf3 Rf6 22. Qe2 Be5 23. Rxh2 Rxc6 24. dxc6 Bxh2+ 25. Kh1 Re6 26. Qc4 Bg3 27. Be3 Kh8 28. Qc5 Qd8 29. Bg5 Qe8 30. Kg2 Bd6
31. Qxf5 Re5 32. Qg4 h5 33. Qh4 Qg6 34. Kh1 Rxg5 35. Qe4 Qf6 36. Rf1 Re5 37. Qd4 Bc5 38. Qc4 Qg5 39. b4 Be3 40. Qe2 Bf4
41. Qf2 Bg3 42. Qg2 Qh4+ 43. Kg1 Rg5 44. Rd1 Bh2+ 45. Kf1 Qc4+ 46. Qe2 Rg1+ 47. Kf2 Bg3+ 48. Ke3 Bf4+ 49. Kf2 Rg2+
0-1

[Event "December Blitz"]
[Site "SchemingMind.com"]
[Date "2014.12.16"]
[Round "-"]
[White "Robert Bruce"]
[Black "David Perna-Fraser"]
[Result "1/2-1/2"]
[WhiteCountry "SCO"]
[BlackCountry "CAN"]
[WhiteElo "2136"]
[WhiteRD "65"]
[BlackElo "2265"]
[BlackRD "58"]
[GameID "371508"]

1. c4 e5 2. g3 Nf6 3. Bg2 Bc5 4. Nc3 O-O 5. e3 Nc6 6. Nge2 a6 7. O-O d6 8. d4 Ba7 9. h3 Re8 10. b3 Bd7
11. g4 h6 12. Bb2 exd4 13. Nxd4 Qe7 14. Nf5 Bxf5 15. gxf5 Ne5 16. Bxb7 Rab8 17. Bxa6 Qd7 18. Nd5 Qxf5 19. Nxf6+ Qxf6 20. Bb5 Nf3+
21. Kh1 Qf5 22. Kg2 Re6 23. Qxf3 Rg6+ 24. Qg3 Rxg3+ 25. Kxg3 Qc2 26. Rab1 d5 27. Be5 Rb6 28. Kh2 Bb8 29. a4 c6 30. Bxb8 cxb5
31. Rbc1 Qe2 32. Bg3 dxc4 33. bxc4 bxa4 34. c5 Rc6 35. Rfd1 Qb5 36. Rd8+ Kh7 37. Ra8 Rxc5 38. Rxc5 Qxc5 39. Rxa4 g5 40. h4 f6
41. hxg5 fxg5 42. Re4 Qc6 43. Re5 Kg6 44. Kg1 h5 45. f4 g4 46. Bh4 Qf3 47. Bf2 Kf6 48. Bh4+ Kf7 49. Rxh5 Qxe3+ 50. Bf2 Qxf4
51. Rh7+= Kg6 52. Rh8 Kg7 53. Rh4 Qc1+ 54. Kg2 Qd1 55. Rh5 Qf3+ 56. Kg1 Kg6 57. Rh8 Kf7 58. Rh7+ Kf6 59. Rh6+ Kf5 60. Rh5+ Ke4
61. Rg5 Kd3 62. Re5 Qd1+=
1/2-1/2

[Event "December Blitz"]
[Site "SchemingMind.com"]
[Date "2014.12.16"]
[Round "-"]
[White "David Perna-Fraser"]
[Black "Robert Bruce"]
[Result "1-0"]
[WhiteCountry "CAN"]
[BlackCountry "SCO"]
[WhiteElo "2265"]
[WhiteRD "58"]
[BlackElo "2136"]
[BlackRD "65"]
[GameID "371509"]

1. e4 c6 2. d4 d5 3. exd5 cxd5 4. Nf3 Nf6 5. Ne5 g6 6. Bb5+ Nbd7 7. O-O Bg7 8. Re1 O-O 9. Nc3 a6 10. Bf1 Re8
11. h3 Nf8 12. a4 Ne6 13. a5 Qc7 14. Be3 Rd8 15. Qf3 Rb8 16. g4 h6 17. h4 g5 18. hxg5 hxg5 19. Bd3 b6 20. axb6 Rxb6
21. Ra2 Rb4 22. Ne2 Rd6 23. c3 Rb8 24. Rea1 Rb3 25. Bc2 Rb7 26. Nc1 Rbb6 27. Ncd3 Rd8 28. Kg2 Bb7 29. Rh1 Rb8 30. Nb4 Rd6
31. Bf5 a5 32. Nbd3 Bc8 33. Bxe6 Bxe6 34. Bxg5 Ne4 35. Bh6 Bxe5 36. Nxe5 f6 37. Qh3 fxe5 38. Bf4 Kf8 39. Qh8+ Bg8 40. Bxe5 Nf6
41. Rh6 Qd7 42. f3 Ne8 43. Bxd6 exd6 44. b4 Qg7 45. bxa5 Ra8 46. Qxg7+ Kxg7 47. Rh1 Be6 48. Rb1 Bc8 49. Rb6 Ba6 50. Rab2 Kf8
51. Kg3 Bd3 52. Ra2 Nc7 53. Rxd6 Nb5 54. Rxd5 Nxc3 55. Rh5 Nxa2 56. Rh8+ Ke7 57. Rxa8 Nb4 58. Kf4 Kd6 59. Kg5 Bc4 60. f4 Bd5
61. Rd8+ Ke7 62. Rxd5 Nxd5 63. a6 Nb6 64. a7 Kd7 65. Kf6 Kd6 66. g5 Kc6 67. g6 Kb7 68. g7 Nd5+ 69. Kf7 Nxf4 70. a8=Q+ Kxa8
71. g8=Q+
1-0

[Event "December Blitz"]
[Site "SchemingMind.com"]
[Date "2014.12.16"]
[Round "-"]
[White "Robert Bruce"]
[Black "Ramesh Panwar"]
[Result "0-1"]
[WhiteCountry "SCO"]
[BlackCountry "IND"]
[WhiteElo "2142"]
[WhiteRD "66"]
[BlackElo "2302"]
[BlackRD "50"]
[GameID "371510"]

1. c4 e5 2. g3 d5 3. cxd5 Nf6 4. Bg2 Nxd5 5. Nc3 Nb6 6. Nf3 Nc6 7. O-O Be7 8. a3 O-O 9. b4 Be6 10. Rb1 f6
11. d3 a5 12. b5 Nd4 13. Nd2 Qc8 14. e3 Nf5 15. a4 Rd8 16. Qc2 Bb4 17. Rd1 Bxc3 18. Qxc3 Nxa4 19. Qc2 Nb6 20. Ba3 Nd6
21. Rdc1 Nd5 22. Qc5 Nf7 23. Nb3 Ng5 24. h4 Nh3+ 25. Kf1 Bf7 26. b6 Nxb6 27. Qxc7 Qf5 28. Qc2 Nc4 29. Bc5 Rxd3 30. e4 Qd7
31. Ke1 Ng1 32. Rd1 Rxd1+ 33. Qxd1 Qb5 34. Be7 Qe8 35. Kf1 Qxe7 36. Kxg1 a4 37. Na1 a3 38. Qe2 a2 39. Rc1 b5 40. Rd1 Qa3
41. Kh2 b4 42. Rd7 b3 43. Rxf7 Nd6
0-1

[Event "December Blitz"]
[Site "SchemingMind.com"]
[Date "2014.12.16"]
[Round "-"]
[White "Ramesh Panwar"]
[Black "Robert Bruce"]
[Result "1-0"]
[WhiteCountry "IND"]
[BlackCountry "SCO"]
[WhiteElo "2302"]
[WhiteRD "50"]
[BlackElo "2142"]
[BlackRD "66"]
[GameID "371511"]

1. e4 c6 2. d4 d5 3. e5 Bf5 4. Nc3 e6 5. Nf3 Nd7 6. a3 h6 7. Be2 g5 8. h3 f6 9. Bd3 fxe5 10. Bxf5 exf5
11. dxe5 Bg7 12. O-O g4 13. Nd4 Bxe5 14. Nxf5 h5 15. f4 Bxc3 16. bxc3 gxh3 17. Re1+ Kf8 18. a4 Ngf6 19. Ba3+ c5 20. Nd4 Qb6
21. Rb1 Qa6 22. Ne6+ Kf7 23. Ng5+ Kg6 24. Qf3 Rae8 25. f5+ Kg7 26. Qg3 Rhg8 27. Re6 h4 28. Qxh4 Rxe6 29. fxe6 Rh8 30. Qf2 Ne5
31. gxh3 Qc6 32. Re1 Ne4 33. Qf5 Rh5 34. Qxe5+ Kg6 35. Rxe4 dxe4 36. Bc1 e3 37. Bxe3 Qe8 38. e7 Rxg5+ 39. Qxg5+ Kf7 40. Bxc5 Ke6
41. Qh6+
1-0